000
00348nam a2200145Ia 4500
008
240624s9999 xx 000 0 und d
041
_a
eng
082
_a
658.8 HIL
100
_a
HILL RICHARD M
245
_a
INDUSTRIAL MARKETING
250
_a
(4th ed.)
260
_c
2004
_a
Delhi
_b
A.I.T.B.S.
300
_a
xii, : 703 : p. : cm. ; 22
365
_c
RS
999
_c
1505
_d
1505